zpět

Detail výsledku týmu

Speciál UP, Olomouc

Datum a čas kvízu

27 Celkem bodů Celkový počet nahraných bodů na tomto kvízu bez doplňovacích otázek.
20. Pořadí na kvízu Konečné umístění týmu na tomto kvízu.

Zaznamenané odpovědi

# Otázka Odpověď Body Výsledky
1. Dalo by se říci, že pandemie c... ptačí chřipka, SARS 0.5
2. Seřaďte chronologicky historic... 1C 2D 3B 4A 0
3. 7. května 2000 se stal poprvé... C 0
4. 25. června 2009 celý svět dosl... zemřel Michael Jackson 0
5. Jistý bývalý český sportovec u... desetiboj, Estonec 0
6. Na mapě vidíte seznam míst, ka... Lara Croft 1
7. Kterého herce narozeného v roc... George Clooney 1
8. V roce 2000 se na obálce časop... Eva Aichmajerová/Decastelo 0
9. V tomto tématu nesmíme vynecha... Mr. Big/Velký/Pan Božský, Jan Šťastný 0.5
10. Na závěr přiřaďte správně počt... 1B 2A 3C 4D 1